00680nam a2200193Ia 4500008004100000020001400041082001700055100001900072245008700091250000700178260004500185300002900230500001900259600002100278650005000299942000700349952011500356999001500471240925s9999 xx 000 0 und d a135708133 a005.7585 FAN aFang ,Walter - 0aVisual Age for Smalltalk and SOMobject: developing distributed object applications aNA aNew Jersey:bPrintice- Hall Int.c,1997. axxiv,276p.bNAfOriginal aIncludes Index aComputer Science aComputer science, information & general works cBK 011440708CSaUITUbUITUd2000-07-28eNAg95.00l0o005.7585 FANpQ2648r2024-09-25 07:12:52w2024-09-25yBK c5147d5147